000 00606nam a2200229 i 4500
001 C2-0091445
003 PPAK
005 20180727170506.0
008 970514s1983 ja |||| ||||| | ||eng d
020 _a0870113089
040 _aPPAK
_beng
_cPPAK
_erda
082 0 4 _a952
_223
090 0 0 _a952
_bRIC
_dR
100 1 _aRichie, Donald,
_eauthor
245 1 0 _aIntroducing Japan
264 1 _aTokyo, Japan :
_bKodansha International ,
_c1983
300 _a72 pages :
_bcolour ;
_c30 cm
336 _2rdacontent
_atext
337 _2rdamedia
_aunmediated
338 _2rdacarrier
_avolume
942 _ddc
_cB
999 _c19358
_d19358